000 00571nmm a2200181Ia 4500
008 251105s9999||||xx |||||||||||||||||und||
020 _a9789560105400
041 _aspa
100 _aCastro-Serrano, Borja
245 0 _aImaginarios de transformación: el Trabajo Social revisitado
264 _a[Santiago de Chile, Chile] :
_bRil editores,
_c2018
300 _a300 pƔginas
650 _aSocial Sciences (General)
700 _aCastro-Serrano, Borja
700 1 _a Flotts, Marcela (eds.)
856 _uhttps://public.digitaliapublishing.com/a/65331
942 _cCF
999 _c63824
_d63824